Quizzes
Events
Quiz Creation
Community
Videos
Private Events
Remove Ads
Sign In
Join for FREE
Feedback
Dark Mode
Quiz Categories
Sports
Geography
Music
Movies
Television
Just For Fun
Miscellaneous
History
Literature
Language
Science
Gaming
Entertainment
Religion
Holiday
For Kids
Quiz Lab
Recent
Popular Today
Quiz Kudos Today
Editor Picks
Curator Picks
Quizzes by...
Day
Popularity
Type
Ratings
Length
Year
Community
Subscriptions
Recent Discussions
Orange Saloon
Badges
Playlists
Quests
Create
Leaderboards
Showdown
Live 5
Trivia Bingo
Activity
Puzzle Library
Sporcle Events
Private Events
Virtual Trivia
Globe League
Become a Host
Pub Owners
SporcleCon
Opinionation
Our Games
Videos
Blog
Mobile Apps
Partnerships
Remove Ads and Go Orange
Feedback
Miscellaneous
Crossword
General Knowledge
Baby Names
Logo
Food
Cars
Numbers
Grab Bag
University
College
Popular
Company
Slogans
Restaurants
Justice
Letter
Miscellaneous
Crossword
General Knowledge
Baby Names
Logo
Food
Cars
Numbers
Grab Bag
University
College
Popular
Company
Slogans
Restaurants
Justice
Letter
Random Quiz
Search Sporcle
×
Quiz Lab
Quiz Lab
Miscellaneous
phobia
Type in answers that appear in a list
Type in answers that appear in a list
Classic
Best Score? Go Orange.
Phobias Stats
Can you name the Phobias?
By
AngrySi
10m
60 Questions
196 Plays
196 Plays
196 Plays
Comments
Comments
Give Quiz Kudos
Give Quiz Kudos
-
- Ratings
hide this ad
Replay
Link that replays current quiz
Next Quiz
Link to next quiz in quiz playlist
You Got
0%
They Got
Avg Score
42%
Avg Friend Score
Upgrade to see
Score Distribution
Jump to the score distribution portion of the page
Score
0/60
Timer
10:00
0
Plays Today
Scared of?
% Correct
Spiders
85.7%
Water
81.1%
Fire
76.5%
Dogs
72.4%
Lesbians
72.4%
Germans
71.9%
Children
70.4%
Horses
68.9%
Blood
68.9%
Foreigners
67.9%
Fish
67.3%
Heat
67.3%
Snakes
64.8%
Men
63.3%
Dentists
63.3%
Jews
63.3%
Sunlight
58.7%
Clowns
58.2%
Getting fat
56.1%
Everything
55.6%
Ghosts
50%
Public speaking
50%
Making decisions
49.5%
Vomiting
48%
Thunder and lightning
45.9%
Chinese
42.9%
Old people
42.3%
Bad breath
40.3%
Bats
39.3%
Smells
38.3%
Scared of?
% Correct
Work
36.7%
Friday the 13th
35.7%
Nudity
33.7%
Rain
33.7%
Rabbits
32.7%
Pain
32.7%
Needles
31.6%
Ants
30.6%
Dolls
30.1%
Sharks
29.1%
Trees
29.1%
Hospitals
28.1%
Washing
28.1%
Sex
26%
Lizards
25.5%
Blushing
25%
Being touched
24%
Flowers
24%
Oranges
23%
Growing old
22.4%
Crossing the road
20.9%
Bridges
20.9%
Knives
19.9%
Going bald
17.9%
Money
17.9%
Mirrors
16.3%
The colour purple
14.8%
Household appliances
14.8%
Buttons
14.3%
Graves
10.2%
Quiz Playlist
Details
Report
Send in Message
Add To Playlist
Classic:
Type in answers that appear in a list
Last Updated: Feb 16, 2017
Quiz Scoreboard
CHALLENGE
Sign Up to Join the Scoreboard
Show All
Scores
Hide
Comments
May contain spoilers
Recently Published
9x9 Crossword: Cartoon Network
by jackfrog10
Miscellaneous
3m
College Basketball Coaching Resumes
by pancakes188
Sports
9m
Billboard Blitz: Fleetwood Mac
by CooCooCachoo
Music
15s
More to Explore
Quiz From the Vault
Featured Blog Post
Where Did the Easter Bunny Come From?
hide this ad
You Might Also Like...
Tags
phobia
Today's Top Quizzes in Miscellaneous
Browse Miscellaneous
hide this ad
Today's Top Quizzes in phobia
Browse phobia
Top Contributed Quizzes in Miscellaneous
1
5-to-1: Fast Food
2
The JOE quick-fire general knowledge quiz: Day 174
3
The JOE quick-fire general knowledge quiz: Day 173
4
5-to-1: Cocktails
5
The JOE quick-fire general knowledge quiz: Day 172
6
Sunday Crossword: Famous Bodies of Water
7
The JOE quick-fire general knowledge quiz: Day 171
8
One Thing in Common: United Kingdom II
9
Named After an Animal - Odd One Out!
10
The JOE quick-fire quiz: Day 170
Explore More
Trending Topics
Anime
Crossword
Harry Potter
Kpop
Marvel
NBA
Disney
Soccer
Pokémon
WWE
The Office
Song
NFL
Country
Puzzle
hide this ad
More By:
AngrySi
Quiz
Plays
Rating
Category
Featured
Created
Closest Countries to Germany A-Z
346,422
4.41
Geography
Jul 29, 2011
Premier League: 100 Best Players
206,902
4.69
Sports
Jul 10, 2016
Follow That Line: Star Wars
176,843
4.63
Movies
Jul 16, 2012
Premier League: Consistent Goal-Scorers
139,964
4.72
Sports
Jan 30, 2015
Countries Larger Than the UK?
135,733
4.25
Geography
Jul 5, 2012
Go to Creator's Profile
Score Distribution
Quiz Creator Spotlight
AngrySi
Follow
Send a Message
Quizzes Created
-
Created Quiz Play Count
-
More By This Creator
Popular Quizzes Today
1
Find the US States - No Outlines Minefield
2
Find the Countries of Europe - No Outlines Minefield
3
The Countries of the World
4
Find the US States
5
Risky Map Clicking: Biggest States A-Z
6
US States
7
Popular People in 1961
8
Movies - When Are They Set?
More Miscellaneous Quizzes
Sets of Three XIV
Published
Trending Quizzes
Risky Map Clicking: Least Populous States A-Z
1-10 Letter G Words
1-10 Letter F Words
Risky Map Clicking: Next State Alphabetically
Adjectives in 80s TV Shows
Recently Updated
Leaping Animals
pecheneg
Reality TV Shows (A-Z)
bhenderson79
Rickey Henderson's Hall of Fame Teammates
pecheneg
Champions League XIs: Arsenal
pecheneg
Quick Pick: Celebrities in WWE's Hall of Fame
aduchscher
A-Z Keypad Blitz II
pecheneg
Multiple Oscar Actors
pecheneg
Mystery Phrase Blitz: Oscar 'Best Actors'
pecheneg
F. Scott Fitzgerald Novels
LTH
Pick 3 Villains
ddd62291
Trending Topics
Disney
Marvel
Crossword
Kpop
Anime
NBA
Harry Potter
Pokémon
The Office
Soccer
Country
Puzzle
WWE
Song
NFL
Your Account Isn't Verified!
In order to create a playlist on Sporcle, you need to verify the email address you used during registration. Go to your
Sporcle Settings
to finish the process.
Report this User
Report this user for behavior that violates our
Community Guidelines
.
Details:
Send Report
Go to the Sporcle.com Mobile Site →
Comments